header

An Aristotelian account of induction (Record no. 191451)

MARC details
000 -LEADER
fixed length control field 01369nam a2200349Ia 4500
100 1# - MAIN ENTRY--AUTHOR NAME
Personal name Groarke, Louis.
245 13 - TITLE STATEMENT
Title An Aristotelian account of induction
260 ## - PUBLICATION, DISTRIBUTION, ETC. (IMPRINT)
Place of publication Montreal ;
-- Ithaca :
Name of publisher McGill-Queen's University Press,
Year of publication c2009.
300 ## - PHYSICAL DESCRIPTION
Number of Pages xiv, 467 p. :
Other physical details ill.
490 1# - SERIES STATEMENT
Series statement McGill-Queen's studies in the history of ideas ;
650 #0 - SUBJECT ADDED ENTRY--TOPICAL TERM
Topical Term Induction (Logic)
856 40 - ELECTRONIC LOCATION AND ACCESS
Uniform Resource Identifier http://site.ebrary.com/lib/rucke/Doc?id=10559026

No items available.

© 2026 Rongo University
Contact us: librarian | system librarian | Rongo university